Meistgestreamte Spotify Songs 2023 - Deutschland - Statistiken

Allgemein
  • Dieses Quiz wurde 431 mal gespielt
  • Das Durchschnittsergebnis liegt bei 12 aus 50
Antwortstatistiken
Interpret(en) Song % Korrekt
Udo Lindenberg, Apache 207 Komet
94%
Miley Cyrus Flowers
77%
Ski Aggu, Joost, Otto Waalkes Friesenjung
73%
Nina Chuba Wildberry Lillet
72%
Apache 207 Roller
57%
Tom Odell Another Love
55%
Peter Fox, Inéz Zukunft Pink
51%
Harry Styles As It Was
41%
David Guetta, Bebe Rexha I'm Good (Blue)
30%
Eminem Mockingbird
30%
Sam Smith, Kim Petras Unholy
29%
SIRA, Bausa, badchieff 9 bis 9
28%
Macklemore & Ryan Lewis, Ray Dalton Can't Hold Us
28%
Luciano, Aitch, BIA Bamba
27%
Luca-Dante Spadafora, Niklas Dee Mädchen auf dem Pferd
27%
AYLIVA Hässlich
26%
Nina Chuba Mangos mit Chili
26%
Miksu / Macloud, makko Nachts wach (Lila Wolken Bootleg)
26%
01099, Paul, Ski Aggu Anders
24%
David Kushner Daylight
23%
Miksu / Macloud, makko Nachts wach
23%
AYLIVA, MERO Sie weiß
23%
Nina Chuba, Chapo102 Ich hass dich
21%
Doja Cat Paint The Town Red
19%
Miksu / Macloud, t-low Sehnsucht
18%
Pashanim Ms. Jackson
17%
AYLIVA Weißes Haus
17%
Taylor Swift Anti-Hero
16%
Yung Yury, Damn Yury TABU.
16%
Metro Boomin, The Weeknd, 21 Savage Creepin'
14%
Ski Aggu, Endzone, Ericson Party Sahne
14%
Ion Miles, SIRA, BHZ Powerade
12%
cassö, RAYE, D-Block Europe Prada
11%
Tiësto, Tate McRae 10:35
10%
Luciano Beautiful Girl
10%
Apache 207 Breaking your heart
10%
RAF Camora, Luciano All Night
8%
Kenya Grace Strangers
8%
BENNETT Vois sur ton chemin - Techno Mix
8%
RAYE, 070 Shake Escapism.
7%
Tiësto Lay Low
7%
David Guetta, Anne-Marie, Coi Leray Baby Don't Hurt Me
6%
Niklas Dee, Old Jim, Enny-Mae Not Fair
6%
HoodBlaq PASS AUF
5%
AYLIVA In deinen Armen
4%
Apache 207 Neunzig
4%
Rubi, FABE BROWN ONLY 4 LIFE - Remix
2%
Creeds Push Up - Main Edit
2%
Apache 207 Wenn das so bleibt
2%
Matt Sassari Give It To Me - Full Vocal Mix
1%
Keine übereinstimmenden Quizze gefunden
Verteilung der Resultate
Anzahl Personen mit jedem Resultat
Perzentil nach korrekt beantworteten Fragen
Ihre Resultats-Entwicklung
Sie haben dieses Quiz noch nicht gespielt